LIBRARY & INFORMATION CENTRE, KCAET, TAVANUR

ONLINE PUBLIC ACCESS CATALOGUE (OPAC)

Numerical methods for initial and boundary value problems / (Record no. 9608)

MARC details
000 -LEADER
fixed length control field 00472cam a2200181ua 4500
041 ## - LANGUAGE CODE
Language code of text/sound track or separate title eng
082 ## - DEWEY DECIMAL CLASSIFICATION NUMBER
Classification number 511
Item number RAJ/NU
100 ## - MAIN ENTRY--AUTHOR NAME
Personal name Rajasekharan, S .
245 ## - TITLE STATEMENT
Title Numerical methods for initial and boundary value problems /
250 ## - EDITION STATEMENT
Edition statement 1 /
260 ## - PUBLICATION, DISTRIBUTION, ETC. (IMPRINT)
Place of publication Allahabad :
Name of publisher Wheeler publishing ,
Year of publication 1987.
300 ## - PHYSICAL DESCRIPTION
Number of Pages 240 ; .
942 ## - ADDED ENTRY ELEMENTS (KOHA)
Koha item type Books
Holdings
Withdrawn status Lost status Damaged status Home library Current library Date acquired Full call number Accession Number Koha item type
      KAUAET KAUAET 07/04/2012 511 16566 Books
free website counter